Gemeenten van Overijssel (2026) - Statistics

General Stats
  • This quiz has been taken 151 times
  • The average score is 17 of 25
Answers on the Map
Answers color-coded by a green-red scale on the quiz's map according to % correct below.
 
Answer Stats
Answer % Correct
Zwolle
100%
Hengelo
94%
Enschede
91%
Almelo
89%
Deventer
81%
Kampen
77%
Borne
68%
Raalte
68%
Dalfsen
66%
Hardenberg
66%
Oldenzaal
66%
Hof van Twente
62%
Tubbergen
62%
Twenterand
62%
Staphorst
60%
Ommen
57%
Dinkelland
55%
Hellendoorn
55%
Losser
55%
Zwartewaterland
55%
Haaksbergen
53%
Olst-Wijhe
53%
Rijssen-Holten
53%
Steenwijkerland
53%
Wierden
51%
No matching quizzes found
Score Distribution
Percent of People with Each Score
Percentile by Number Answered
Your Score History
You have not taken this quiz